Advanced Mathematical Analysis: (Record no. 186650)

MARC details
000 -LEADER
fixed length control field 00589nam a22001817a 4500
005 - DATE AND TIME OF LATEST TRANSACTION
control field 20220310155622.0
010 ## - LCCN (DPL NO)
LC control number ENG-131942
020 ## - INTERNATIONAL STANDARD BOOK NUMBER
International Standard Book Number 9789387162587
Terms of availability 450.00
035 ## - SYSTEM CONTROL NUMBER
System control number EN-115474
037 ## - SOURCE OF ACQUISITION
Source of stock number/acquisition DBAD/PUB
082 ## - DEWEY DECIMAL CLASSIFICATION NUMBER
Classification number 515
100 ## - MAIN ENTRY--PERSONAL NAME
Personal name Chatterjee, Utpal
245 ## - TITLE STATEMENT
Title Advanced Mathematical Analysis:
Remainder of title Theory And Problems/
Statement of responsibility, etc Utpal Chatterjee
260 ## - PUBLICATION, DISTRIBUTION, ETC. (IMPRINT)
Place of publication, distribution, etc Kolkata
Name of publisher, distributor, etc Academic Publishers
Date of publication, distribution, etc 2020
270 ## - ADDRESS
Address 5A Bhawani Dutta Lane
City Kolkata
Postal code 700073
Electronic mail address contact@academicpublishers.in
300 ## - PHYSICAL DESCRIPTION
Extent 720p.
Other physical details Bibliography,Index
Dimensions 24cm(pbk)
942 ## - ADDED ENTRY ELEMENTS (KOHA)
Source of classification or shelving scheme Dewey Decimal Classification
Item type English Books
Classification part 515
Call number suffix CHA
Holdings
Withdrawn status Lost status Not for loan Collection code Home library Current library Date acquired Source of acquisition Cost, normal purchase price Full call number Barcode Copy number Cost, replacement price Koha item type
      Non-fiction Ashok Vihar Ashok Vihar 10/03/2022 DBAD/PUB 450.00 515 CHA EN-115474 1 450.00 English Books

© Delhi Public Library
Hit Counter
free hit counter